00845nam a22002417a 450000500170000000800410001701000150005802000260007303500130009903700130011204000130012508200150013824500880015325000110024126000390025227000770029130000380036850000650040650000510047165000440052270000200056670000170058620130328120848.0130328b xxu||||| |||| 00| 0 eng d aENG-106748 a9788132110002c550.00 aEN-90281 bDBAD/PUB aDPLbEng04a300.7222200aTheory and methods in social research /cedited by Bridget Somekh [and] Cathy Lewin a2nd ed aNew DelhibSage Publicationsc2012 aB1/I-1 Mohan Cooperative Industrial Area Mathura RoadbNew Delhie110044 axxiii, 344 p. :bill. c24cm(pbk) aPrevious ed.: Research methods in the social sciences, 2005. aIncludes bibliographical references and index. 0aSocial sciencesxResearchxMethodology.1 aSomekh, Bridget1 aLewin, Cathy